Countries Closest to Palau - One Minute Sprint - Statistics

General Stats
  • This quiz has been taken 108 times
  • The average score is 14 of 20
Answer Stats
km country miles % Correct
276 Indonesia 172
88%
1339 Malaysia 832
86%
1564 Australia 972
85%
423 Micronesia 263
81%
2529 China 1572
78%
1263 Papua New Guinea 785
77%
657 Philippines 408
75%
1335 Timor-Leste 830
73%
3406 Marshall Islands 2117
68%
2151 Japan 2337
67%
3018 Singapore 1875
67%
1758 Brunei 1092
66%
3090 Thailand 1920
66%
2602 Vietnam 1617
66%
2897 Laos 1800
60%
2882 Solomon Islands 1791
59%
2799 Cambodia 1739
58%
2116 Taiwan 1315
57%
2956 South Korea 1837
46%
3440 North Korea 2137
40%
No matching quizzes found
Score Distribution
Percent of People with Each Score
Percentile by Number Answered
Your Score History
You have not taken this quiz